[Event "Titled Tuesday intern op 16th Apr Early"]
[Site "Chess.com INT"]
[Date "2024.04.16"]
[Round "6"]
[White "Hua, Lefong"]
[Black "Klukin, Kirill"]
[Result "0-1"]
[WhiteElo "2305"]
[BlackElo "2413"]
[PlyCount "122"]
[EventDate "2024.04.16"]
[EventType "swiss (blitz)"]
[EventRounds "11"]
[EventCountry "USA"]
[SourceTitle "CB17_2024"]
[SourceDate "2024.04.24"]
[SourceVersion "1"]
[SourceVersionDate "2024.04.24"]
[SourceQuality "1"]

1. d4 Nf6 2. c4 Nc6 3. f3 e5 4. d5 Bb4+ 5. Bd2 Bxd2+ 6. Qxd2 Ne7 7. e4 d6 8. Bd3 0-0 9. Ne2 c5 10. 0-0 a6 11. a3 Nd7 12. b4 f5 13. Kh1 b6 14. Nbc3 Nf6 15. Rab1 fxe4 16. fxe4 Qc7 17. Ng3 Bd7 18. b5 axb5 19. Nxb5 Bxb5 20. Rxb5 Rxa3 21. Rfb1 Ng4 22. Be2 h5 23. Bxg4 hxg4 24. Qg5 Rf6 25. Qxg4 Rg6 26. Qd1 Rh6 27. Kg1 Nc8 28. Qg4 Rf6 29. Nf5 Kf8 30. Rxb6 Nxb6 31. Rxb6 Ra1+ 32. Kf2 g6 33. Qg5 Rxf5+ 34. exf5 Qxb6 35. Qf6+ Ke8 36. Qe6+ Kd8 37. f6 Qb2+ 38. Kg3 Ra3+ 39. Kh4 Qf2+ 40. Kg5 Qxg2+ 41. Kh6 Qxh2+ 42. Kg7 Ra7+ 43. f7 Qh4 44. Qe8+ Kc7 45. f8Q Kb6+ 46. Qff7 Rxf7+ 47. Kxf7 Qxc4 48. Qb8+ Ka5 49. Qxd6 e4 50. Qe6 Kb4 51. d6 e3 52. d7 e2 53. Qxc4+ Kxc4 54. d8Q e1Q 55. Kxg6 Qg1+ 56. Kh7 Qh2+ 57. Kg8 Qg3+ 58. Kh7 Qh3+ 59. Kg8 Qg4+ 60. Kf8 Qf5+ 61. Kg8 Qd5+ 0-1

[Event "Titled Tuesday intern op 16th Apr Early"]
[Site "Chess.com INT"]
[Date "2024.04.16"]
[Round "4"]
[White "Svane, Frederik"]
[Black "Klukin, Kirill"]
[Result "1-0"]
[WhiteElo "2627"]
[BlackElo "2413"]
[PlyCount "149"]
[EventDate "2024.04.16"]
[EventType "swiss (blitz)"]
[EventRounds "11"]
[EventCountry "USA"]
[SourceTitle "CB17_2024"]
[SourceDate "2024.04.24"]
[SourceVersion "1"]
[SourceVersionDate "2024.04.24"]
[SourceQuality "1"]

1. e4 e6 2. d4 d5 3. Nd2 c5 4. exd5 Qxd5 5. Ngf3 cxd4 6. Bc4 Qd6 7. 0-0 Nf6 8. Nb3 Nc6 9. Nbxd4 Nxd4 10. Nxd4 Be7 11. c3 0-0 12. Qf3 Qc7 13. Bb3 a5 14. a4 Bd7 15. Re1 Rfd8 16. Bf4 Bd6 17. Bxd6 Qxd6 18. Qe3 Ng4 19. Qg3 Qxg3 20. hxg3 Nf6 21. Re5 Bc6 22. f3 Bd5 23. Bc2 Rac8 24. Kf2 h6 25. g4 Nd7 26. Re3 Nb6 27. Re2 Bc4 28. Re5 Bd5 29. Bd3 Bc4 30. Be4 Bd5 31. Bxd5 Rxd5 32. Rxd5 Nxd5 33. g3 Kf8 34. Nc2 Nb6 35. Nd4 Rc4 36. Ra3 Nd7 37. Nb3 b6 38. Ra1 Ke7 39. Ke2 Nc5 40. Nxc5 Rxc5 41. Rd1 Rc4 42. Ra1 Rc5 43. Ke3 Kd6 44. Rd1+ Kc7 45. Rd4 Re5+ 46. Re4 Rd5 47. Rf4 f6 48. Rc4+ Kd6 49. Rc8 Rc5 50. Rd8+ Ke7 51. Rb8 Rc6 52. Kd4 g5 53. Rb7+ Kd6 54. Rh7 e5+ 55. Ke4 Ke6 56. Kd3 Rd6+ 57. Ke3 Rc6 58. Rh8 Kd5 59. Kd3 Kc5 60. Rd8 b5 61. axb5 Kxb5 62. Rd5+ Ka4 63. Kc2 Rb6 64. b3+ Rxb3 65. Rxa5+ Kxa5 66. Kxb3 Kb5 67. c4+ Kc6 68. Kb4 Kd6 69. c5+ Kc6 70. Kc4 Kc7 71. Kd5 Kd7 72. c6+ Ke7 73. Kc5 h5 74. gxh5 g4 75. fxg4 1-0

[Event "Titled Tuesday intern op 02nd Apr Late"]
[Site "Chess.com INT"]
[Date "2024.04.02"]
[Round "8"]
[White "Dziewonski, Dariusz"]
[Black "Klukin, Kirill"]
[Result "1/2-1/2"]
[WhiteElo "2289"]
[BlackElo "2413"]
[PlyCount "131"]
[EventDate "2024.04.02"]
[EventType "swiss (blitz)"]
[EventRounds "11"]
[EventCountry "USA"]
[SourceTitle "CB15_2024"]
[SourceDate "2024.04.10"]
[SourceVersion "1"]
[SourceVersionDate "2024.04.10"]
[SourceQuality "1"]

1. e4 c5 2. Nf3 Nc6 3. Nc3 g6 4. d4 cxd4 5. Nxd4 Bg7 6. Be3 Nf6 7. Bc4 0-0 8. Bb3 Re8 9. 0-0 d6 10. h3 Na5 11. f4 b6 12. Nd5 Bb7 13. Nxf6+ exf6 14. Nb5 Nxb3 15. axb3 Rxe4 16. Nxd6 Rxe3 17. Nxb7 Qc7 18. Nd6 Re6 19. Nc4 b5 20. Na3 f5 21. c3 b4 22. cxb4 Bxb2 23. Ra2 Bxa3 24. Rxa3 Qb6+ 25. Kh1 Qxb4 26. Ra4 Qc3 27. Qd5 Qc6 28. Qxc6 Rxc6 29. Rfa1 a6 30. b4 Rb6 31. Kh2 Kg7 32. g3 h5 33. h4 Rd8 34. Rxa6 Rd2+ 35. Kh3 Rxb4 36. R6a2 Rd3 37. Ra3 Rdd4 38. R1a2 Rbc4 39. Ra1 Rc2 40. R1a2 Rc1 41. Ra1 Rc6 42. R1a2 Rcd6 43. Ra1 Re6 44. R1a2 Rde4 45. Ra1 Re2 46. R1a2 Re1 47. Ra1 R1e4 48. R1a2 Re8 49. Ra1 R4e6 50. R1a2 Kf6 51. Ra6 Rxa6 52. Rxa6+ Re6 53. Ra2 Rd6 54. Ra1 Ke6 55. Re1+ Kd7 56. Kg2 Rd2+ 57. Kf3 Rd3+ 58. Kf2 Kd6 59. Re8 Ra3 60. Re1 Kd5 61. Re5+ Kd4 62. Re7 Ra2+ 63. Kf3 Ra3+ 64. Kf2 Ra2+ 65. Kf3 Ra3+ 66. Kf2 1/2-1/2

[Event "Titled Tuesday intern op 02nd Apr Late"]
[Site "Chess.com INT"]
[Date "2024.04.02"]
[Round "7"]
[White "Klukin, Kirill"]
[Black "Danielian, Vardan"]
[Result "1/2-1/2"]
[WhiteElo "2413"]
[BlackElo "2230"]
[PlyCount "156"]
[EventDate "2024.04.02"]
[EventType "swiss (blitz)"]
[EventRounds "11"]
[EventCountry "USA"]
[SourceTitle "CB15_2024"]
[SourceDate "2024.04.10"]
[SourceVersion "1"]
[SourceVersionDate "2024.04.10"]
[SourceQuality "1"]

1. d4 Nf6 2. Nf3 g6 3. e3 Bg7 4. Be2 0-0 5. 0-0 d6 6. c4 Nbd7 7. Nc3 e5 8. Qc2 Re8 9. b4 exd4 10. Nxd4 Nf8 11. Bb2 Ne6 12. Nf3 h6 13. Rfd1 a5 14. a3 axb4 15. axb4 Rxa1 16. Bxa1 Ng5 17. Nxg5 hxg5 18. h3 g4 19. hxg4 Bxg4 20. c5 Bxe2 21. Qxe2 d5 22. Qb5 c6 23. Qxb7 Ng4 24. Qxc6 Rxe3 25. Qxd5 Qxd5 26. Nxd5 Re2 27. Bxg7 Kxg7 28. Rc1 Nxf2 29. Nf4 Rb2 30. c6 Ne4 31. c7 Nd6 32. c8Q Nxc8 33. Rxc8 Rb1+ 34. Kh2 Rxb4 35. Nh3 Rb3 36. Rc7 Rb4 37. Ng5 Kf6 38. Nxf7 Rh4+ 39. Kg3 Rh7 40. Kg4 Rxf7 41. Rc6+ Kg7 42. Kg5 Rf5+ 43. Kh4 Rf6 44. Rc7+ Rf7 45. Rc4 Rf5 46. Kg4 Rf7 47. g3 Rf6 48. Rc5 Rf7 49. Kg5 Re7 50. g4 Rd7 51. Rb5 Re7 52. Rd5 Rc7 53. Re5 Rb7 54. Rc5 Ra7 55. Kf4 Ra4+ 56. Kg5 Ra7 57. Rb5 Rc7 58. Kh4 Rd7 59. Kg3 Re7 60. Kf4 Rf7+ 61. Kg5 Rd7 62. Rb6 Rd5+ 63. Kf4 Rc5 64. Kg3 Ra5 65. Rd6 Kh6 66. Kf4 Ra4+ 67. Kg3 Ra5 68. Rb6 Kg5 69. Rb3 Rd5 70. Rc3 Re5 71. Rd3 Rc5 72. Re3 Rb5 73. Rd3 Ra5 74. Rc3 Rd5 75. Rb3 Re5 76. Rc3 Rd5 77. Kf3 Re5 78. Kg3 Rd5 1/2-1/2

[Event "Titled Tuesday intern op 02nd Apr Late"]
[Site "Chess.com INT"]
[Date "2024.04.02"]
[Round "9"]
[White "Klukin, Kirill"]
[Black "Vlachos, Anatole"]
[Result "1-0"]
[WhiteElo "2413"]
[BlackElo "2482"]
[PlyCount "79"]
[EventDate "2024.04.02"]
[EventType "swiss (blitz)"]
[EventRounds "11"]
[EventCountry "USA"]
[SourceTitle "CB15_2024"]
[SourceDate "2024.04.10"]
[SourceVersion "1"]
[SourceVersionDate "2024.04.10"]
[SourceQuality "1"]

1. d4 f5 2. Nf3 Nf6 3. g3 e6 4. Bg2 Be7 5. c4 0-0 6. Nc3 d6 7. 0-0 Ne4 8. Bd2 Nd7 9. Qc2 Nxd2 10. Nxd2 e5 11. dxe5 dxe5 12. Rfd1 c6 13. Nf1 Qc7 14. a3 a5 15. Rab1 Nb6 16. Na4 Nxa4 17. Qxa4 Be6 18. Nd2 Rfd8 19. Qc2 Qb6 20. Bh3 g6 21. e4 Rf8 22. Nf3 Qc7 23. Re1 Bc5 24. Nh4 Qf7 25. exf5 gxf5 26. Rxe5 Bd4 27. Re2 Bxc4 28. Rd2 c5 29. Nxf5 Kh8 30. Nxd4 cxd4 31. Rxd4 b5 32. Rf4 Qg7 33. Rxf8+ Rxf8 34. Qc3 Qxc3 35. bxc3 Rd8 36. Bf1 Rc8 37. Bxc4 Rxc4 38. Rxb5 a4 39. Rb4 Rxc3 40. Rxa4 1-0

[Event "Titled Tuesday intern op 02nd Apr Early"]
[Site "Chess.com INT"]
[Date "2024.04.02"]
[Round "1"]
[White "Mammadzada, Gunay Vuqar Qizi"]
[Black "Klukin, Kirill"]
[Result "0-1"]
[WhiteElo "2436"]
[BlackElo "2413"]
[PlyCount "130"]
[EventDate "2024.04.02"]
[EventType "swiss (blitz)"]
[EventRounds "11"]
[EventCountry "USA"]
[SourceTitle "CB15_2024"]
[SourceDate "2024.04.10"]
[SourceVersion "1"]
[SourceVersionDate "2024.04.10"]
[SourceQuality "1"]

1. d4 Nf6 2. c4 Nc6 3. Nf3 e6 4. g3 Bb4+ 5. Bd2 Qe7 6. a3 Bxd2+ 7. Qxd2 0-0 8. Bg2 d6 9. 0-0 e5 10. d5 Nb8 11. Nc3 a5 12. e4 Na6 13. Qc2 Bd7 14. Nd2 c6 15. Rab1 Rfc8 16. Rfc1 cxd5 17. exd5 b5 18. b3 b4 19. axb4 axb4 20. Nd1 Nc5 21. Ne3 Ra3 22. Qd1 Rca8 23. Nc2 Bf5 24. Nxa3 bxa3 25. Ra1 Nd3 26. Rc3 Qa7 27. c5 Nxc5 28. Qf3 Nce4 29. Nxe4 Bxe4 30. Qe3 Qxe3 31. Rxe3 Bxg2 32. Kxg2 Nxd5 33. Rd3 Nb4 34. Rxd6 a2 35. Rd2 g6 36. Kf3 Kg7 37. g4 Kf6 38. h4 h6 39. Ke3 Ra3 40. Rb2 Ke6 41. Kd2 Ra8 42. Kc3 Nd5+ 43. Kc4 Rc8+ 44. Kb5 Rb8+ 45. Kc5 Nb4 46. Kc4 e4 47. Re2 Ke5 48. Rae1 f5 49. gxf5 gxf5 50. f3 Nd3 51. Ra1 Rc8+ 52. Kb5 Nc1 53. Re1 Nxb3 54. Rxa2 Nd4+ 55. Kb6 Nxf3 56. Rb1 Kf4 57. Rab2 Rg8 58. Kb7 Rg4 59. Rb5 Rxh4 60. Rb6 Rh5 61. Rf6 e3 62. Rb4+ Kg3 63. Re6 Kf2 64. Rb2+ Nd2 65. Rb3 f4 0-1

[Event "Titled Tuesday intern op 02nd Apr Early"]
[Site "Chess.com INT"]
[Date "2024.04.02"]
[Round "11"]
[White "Sarana, Alexey"]
[Black "Klukin, Kirill"]
[Result "1-0"]
[WhiteElo "2703"]
[BlackElo "2413"]
[PlyCount "82"]
[EventDate "2024.04.02"]
[EventType "swiss (blitz)"]
[EventRounds "11"]
[EventCountry "USA"]
[SourceTitle "CB15_2024"]
[SourceDate "2024.04.10"]
[SourceVersion "1"]
[SourceVersionDate "2024.04.10"]
[SourceQuality "1"]

1. d4 e6 2. c4 f5 3. Nc3 Nf6 4. e3 b6 5. Bd3 Bb7 6. f3 Bb4 7. Nge2 0-0 8. a3 Bxc3+ 9. Nxc3 d6 10. 0-0 Nbd7 11. Bd2 Qe7 12. Be1 g6 13. Bh4 Qg7 14. b4 e5 15. d5 a5 16. Qd2 Ba6 17. Be2 g5 18. Bf2 h5 19. Bd3 e4 20. fxe4 fxe4 21. Be2 Ne5 22. Qd4 Rae8 23. Bg3 Bc8 24. c5 axb4 25. axb4 bxc5 26. bxc5 h4 27. Bxe5 Rxe5 28. Ra7 Rf7 29. Ra8 Rf8 30. Nb5 Kh7 31. cxd6 Rxd5 32. Qc3 c6 33. Ra7 Rf7 34. Rxf7 Qxf7 35. Rxf6 Qg7 36. Bh5 Be6 37. Bg6+ Kh8 38. Rf8+ Bg8 39. Bf7 Qxc3 40. Rxg8+ Kh7 41. Nxc3 Rxd6 1-0

[Event "Titled Tuesday intern op 02nd Apr Late"]
[Site "Chess.com INT"]
[Date "2024.04.02"]
[Round "4"]
[White "Sivakumar, Shaaketh"]
[Black "Klukin, Kirill"]
[Result "0-1"]
[WhiteElo "2366"]
[BlackElo "2413"]
[PlyCount "50"]
[EventDate "2024.04.02"]
[EventType "swiss (blitz)"]
[EventRounds "11"]
[EventCountry "USA"]
[SourceTitle "CB15_2024"]
[SourceDate "2024.04.10"]
[SourceVersion "1"]
[SourceVersionDate "2024.04.10"]
[SourceQuality "1"]

1. Nf3 Nf6 2. g3 d5 3. Bg2 Bf5 4. 0-0 e6 5. d4 c6 6. c4 Nbd7 7. b3 Bd6 8. Bb2 0-0 9. Nc3 Qe7 10. Nd2 Rad8 11. e4 dxe4 12. Ndxe4 Nxe4 13. Nxe4 Ba3 14. Bc3 Nf6 15. Nxf6+ Qxf6 16. Qf3 Qg6 17. h3 e5 18. d5 cxd5 19. cxd5 Bd3 20. Rfd1 e4 21. Qe3 Rxd5 22. Qxa7 Bc5 23. Qxb7 Rf5 24. Be1 Qxg3 25. Rd2 Rg5 0-1

[Event "Titled Tuesday intern op 12th Mar Early"]
[Site "Chess.com INT"]
[Date "2024.03.12"]
[Round "11"]
[White "Klukin, Kirill"]
[Black "Kleiman, Jake"]
[Result "0-1"]
[WhiteElo "2389"]
[BlackElo "2399"]
[PlyCount "84"]
[EventDate "2024.03.12"]
[EventType "swiss (blitz)"]
[EventRounds "11"]
[EventCountry "USA"]
[SourceTitle "CB12_2024"]
[SourceDate "2023.10.01"]
[SourceVersion "1"]
[SourceVersionDate "2023.10.01"]
[SourceQuality "1"]

1. e4 e5 2. Nf3 Nc6 3. Bc4 Bc5 4. b4 Bxb4 5. c3 Ba5 6. d4 exd4 7. 0-0 Nge7 8. Ng5 d5 9. exd5 Ne5 10. Qxd4 f6 11. Bb5+ Kf8 12. Ba3 Kg8 13. d6 cxd6 14. Bxd6 g6 15. Ne4 Nf5 16. Qd5+ Kg7 17. Bc4 Nxc4 18. Qxc4 Nxd6 19. Nxd6 Qxd6 20. a4 Be6 21. Qh4 Rhd8 22. Na3 Bf7 23. Nc4 Bxc4 24. Qxc4 Rac8 25. Qe4 Rc7 26. g3 Bxc3 27. Rad1 Qxd1 28. Rxd1 Rxd1+ 29. Kg2 Rdd7 30. h4 h5 31. Qf3 Be5 32. Qe4 Rd2 33. Kf1 Rc1+ 34. Kg2 Rcc2 35. Qxb7+ Kh6 36. Qa8 Rxf2+ 37. Kg1 f5 38. Qf8+ Bg7 39. Qe7 Rfe2 40. Qg5+ Kh7 41. Kf1 Rh2 42. Kg1 Rhd2 0-1

[Event "Titled Tuesday intern op 12th Mar Early"]
[Site "Chess.com INT"]
[Date "2024.03.12"]
[Round "1"]
[White "Klukin, Kirill"]
[Black "Namitbir, Singh Walia"]
[Result "0-1"]
[WhiteElo "2389"]
[BlackElo "2385"]
[PlyCount "108"]
[EventDate "2024.03.12"]
[EventType "swiss (blitz)"]
[EventRounds "11"]
[EventCountry "USA"]
[SourceTitle "CB12_2024"]
[SourceDate "2023.10.01"]
[SourceVersion "1"]
[SourceVersionDate "2023.10.01"]
[SourceQuality "1"]

1. Nf3 Nf6 2. e3 c5 3. c4 b6 4. b3 g6 5. Bb2 Bg7 6. d4 cxd4 7. Nxd4 0-0 8. Be2 Bb7 9. 0-0 d5 10. Nc3 dxc4 11. Bxc4 Nc6 12. Nxc6 Bxc6 13. Qe2 e6 14. Ba3 Nd5 15. Nxd5 exd5 16. Rad1 Re8 17. Qf3 Re5 18. Bd3 Rc8 19. Rc1 Re6 20. Qg4 h5 21. Qh3 d4 22. Bc4 Re8 23. Rcd1 b5 24. Be2 Qa5 25. Bc5 Qxa2 26. Bf3 Bxf3 27. Qxf3 Rxc5 28. exd4 Rf5 29. Qc6 Rd8 30. d5 Qxb3 31. d6 Qc4 32. Qb7 Bd4 33. Qc7 Bb6 34. Qe7 Qe6 35. Qb7 Rf6 36. d7 Kg7 37. h3 Qc6 38. Qxc6 Rxc6 39. Rd5 Rc7 40. Rfd1 b4 41. Kf1 b3 42. Rb5 Rcxd7 43. Rxd7 Rxd7 44. Rxb3 Rd2 45. f3 Rf2+ 46. Ke1 Rxg2 47. h4 Rg3 48. Rb4 Rh3 49. Ke2 Rh2+ 50. Kf1 Kf6 51. Ke1 Kf5 52. Ra4 g5 53. hxg5 Kxg5 54. Rb4 Ba5 0-1

[Event "Titled Tuesday intern op 12th Mar Early"]
[Site "Chess.com INT"]
[Date "2024.03.12"]
[Round "4"]
[White "Meissner, Felix"]
[Black "Klukin, Kirill"]
[Result "0-1"]
[WhiteElo "2382"]
[BlackElo "2389"]
[PlyCount "58"]
[EventDate "2024.03.12"]
[EventType "swiss (blitz)"]
[EventRounds "11"]
[EventCountry "USA"]
[SourceTitle "CB12_2024"]
[SourceDate "2023.10.01"]
[SourceVersion "1"]
[SourceVersionDate "2023.10.01"]
[SourceQuality "1"]

1. e4 c5 2. Nf3 g6 3. h4 h5 4. Bc4 Bg7 5. e5 Nc6 6. Qe2 Qc7 7. d4 Nxd4 8. Nxd4 cxd4 9. Bf4 Nh6 10. Nd2 0-0 11. Ne4 Ng4 12. Ng5 Nxe5 13. Bb3 d6 14. 0-0-0 d3 15. Rxd3 Nxd3+ 16. Qxd3 Bf5 17. Qe2 Rac8 18. f3 Qb6 19. g4 hxg4 20. fxg4 Bxc2 21. Bxc2 Qxb2+ 22. Kd1 Qa1+ 23. Bc1 Bb2 24. Kd2 Rxc2+ 25. Kxc2 Rc8+ 26. Kb3 Bxc1 27. Ne4 Qb1+ 28. Ka4 Rc2 29. Qb5 Rxa2# 0-1

[Event "Moscow Aeroflot op-A"]
[Site "Moscow"]
[Date "2024.03.04"]
[Round "3"]
[White "Klukin, Kirill"]
[Black "Gareyev, Timur"]
[Result "0-1"]
[WhiteElo "2389"]
[BlackElo "2558"]
[PlyCount "73"]
[EventDate "2024.03.03"]
[EventType "swiss"]
[EventRounds "9"]
[EventCountry "RUS"]
[SourceTitle "CB11_2024"]
[SourceDate "2024.03.13"]
[SourceVersion "1"]
[SourceVersionDate "2024.03.13"]
[SourceQuality "1"]

1. d4 Nf6 2. c4 d6 3. Nc3 e5 4. Nf3 Nbd7 5. Bg5 Be7 6. e3 c6 7. Be2 0-0 8. 0-0 Re8 9. Qc2 Ng4 10. Bxe7 Qxe7 11. b4 Nf8 12. h3 Nf6 13. b5 e4 14. Nd2 Bf5 15. bxc6 bxc6 16. Qa4 c5 17. Nb3 a5 18. Rfd1 Bd7 19. Nb5 Rec8 20. dxc5 dxc5 21. Qa3 Qe5 22. Nd2 Qg5 23. Nd6 Bxh3 24. g3 Qg6 25. Nxc8 Rxc8 26. Qc3 N8d7 27. Bf1 Bg4 28. Bg2 Qh5 29. Qc2 Ne5 30. Nxe4 Nxe4 31. Qxe4 Bxd1 32. f4 Nf3+ 33. Kf2 Ne1 34. Bf1 Bf3 35. Qe7 Nc2 36. Rb1 Ba8 37. Ra1 0-1

[Event "Titled Tuesday intern op 27th Feb Late"]
[Site "Chess.com INT"]
[Date "2024.02.27"]
[Round "7"]
[White "Firouzja, Alireza"]
[Black "Klukin, Kirill"]
[Result "1-0"]
[WhiteElo "2760"]
[BlackElo "2390"]
[PlyCount "76"]
[EventDate "2024.02.27"]
[EventType "swiss (blitz)"]
[EventRounds "11"]
[EventCountry "USA"]
[SourceTitle "CB10_2024"]
[SourceDate "2024.03.06"]
[SourceVersion "1"]
[SourceVersionDate "2024.03.06"]
[SourceQuality "1"]

1. d4 Nf6 2. Bg5 e6 3. e3 d6 4. Nd2 Nbd7 5. Ngf3 h6 6. Bh4 b6 7. Bd3 Bb7 8. Qe2 g5 9. Bg3 Nh5 10. Ba6 Qc8 11. Bxb7 Qxb7 12. 0-0-0 Bg7 13. Kb1 0-0-0 14. c3 f5 15. Ne1 Ndf6 16. f3 Nxg3 17. hxg3 Rhe8 18. Nd3 Kb8 19. e4 Nd7 20. Rhe1 fxe4 21. fxe4 Rf8 22. Nf3 Rf7 23. d5 exd5 24. exd5 Nc5 25. Nb4 Ka8 26. Nc6 Rc8 27. Nfd4 Nd7 28. Qe6 Rcf8 29. Nd8 Rxd8 30. Qxf7 Be5 31. Nc6 Qc8 32. Nxd8 Qxd8 33. g4 Kb7 34. Re4 a5 35. a4 Nc5 36. Rxe5 dxe5 37. d6 e4 38. d7 Kc6 1-0

[Event "Titled Tuesday intern op 27th Feb Late"]
[Site "Chess.com INT"]
[Date "2024.02.27"]
[Round "4"]
[White "Gubajdullin, Alexey"]
[Black "Klukin, Kirill"]
[Result "1-0"]
[WhiteElo "2253"]
[BlackElo "2390"]
[PlyCount "89"]
[EventDate "2024.02.27"]
[EventType "swiss (blitz)"]
[EventRounds "11"]
[EventCountry "USA"]
[SourceTitle "CB10_2024"]
[SourceDate "2024.03.06"]
[SourceVersion "1"]
[SourceVersionDate "2024.03.06"]
[SourceQuality "1"]

1. d4 Nf6 2. Nf3 d5 3. Bf4 c5 4. e3 Nc6 5. Nbd2 Qb6 6. dxc5 Qxb2 7. c4 Bf5 8. Qc1 Qxc1+ 9. Rxc1 Nb4 10. cxd5 Nfxd5 11. Bb5+ Bd7 12. Bxd7+ Kxd7 13. Ne5+ Ke8 14. a3 Nxf4 15. exf4 Nd5 16. f5 g6 17. fxg6 hxg6 18. Rb1 Bg7 19. Nd3 b6 20. 0-0 Kd7 21. cxb6 axb6 22. Rb3 Nc3 23. Nf3 Kc7 24. Rc1 Kb7 25. Rcxc3 Bxc3 26. Rxc3 Rhc8 27. Rb3 f6 28. h4 e5 29. Nd2 Rc2 30. Ne4 f5 31. Nd6+ Kc7 32. Nb5+ Kb7 33. Nxe5 Ra4 34. g3 Re4 35. Nxg6 Re1+ 36. Kg2 Ka6 37. h5 Ree2 38. Rf3 Kxb5 39. Rxf5+ Ka4 40. h6 Rc7 41. Nf8 Ree7 42. g4 Kxa3 43. g5 Ka4 44. g6 b5 45. h7 1-0

[Event "Titled Tuesday intern op 27th Feb Late"]
[Site "Chess.com INT"]
[Date "2024.02.27"]
[Round "5"]
[White "Klukin, Kirill"]
[Black "Janaszak, Dawid"]
[Result "1-0"]
[WhiteElo "2390"]
[BlackElo "2308"]
[PlyCount "79"]
[EventDate "2024.02.27"]
[EventType "swiss (blitz)"]
[EventRounds "11"]
[EventCountry "USA"]
[SourceTitle "CB10_2024"]
[SourceDate "2024.03.06"]
[SourceVersion "1"]
[SourceVersionDate "2024.03.06"]
[SourceQuality "1"]

1. f4 d5 2. Nf3 Nf6 3. g3 c5 4. Bg2 Nc6 5. 0-0 g6 6. d3 Bg7 7. Nc3 0-0 8. e4 dxe4 9. dxe4 Qxd1 10. Rxd1 e5 11. fxe5 Ng4 12. Nd5 Ngxe5 13. c3 Bg4 14. Rf1 Nxf3+ 15. Bxf3 Bxf3 16. Rxf3 Ne5 17. Rf1 Rae8 18. Bg5 Re6 19. Rad1 Nc6 20. Nf6+ Kh8 21. Nd7 Rfe8 22. Rxf7 b6 23. Bf6 Bxf6 24. Nxf6 R6e7 25. Rxh7+ Rxh7 26. Nxe8 Re7 27. Nd6 Ne5 28. Rd5 Kg7 29. Kg2 Ng4 30. Rg5 Ne3+ 31. Kf3 Nd1 32. Nf5+ Kf6 33. Rxg6+ Kxg6 34. Nxe7+ Kf6 35. Nd5+ Ke5 36. b3 b5 37. h4 a5 38. h5 b4 39. cxb4 c4 40. bxc4 1-0

[Event "Titled Tuesday intern op 27th Feb Late"]
[Site "Chess.com INT"]
[Date "2024.02.27"]
[Round "6"]
[White "Yagupov, Igor"]
[Black "Klukin, Kirill"]
[Result "0-1"]
[WhiteElo "2290"]
[BlackElo "2390"]
[PlyCount "68"]
[EventDate "2024.02.27"]
[EventType "swiss (blitz)"]
[EventRounds "11"]
[EventCountry "USA"]
[SourceTitle "CB10_2024"]
[SourceDate "2024.03.06"]
[SourceVersion "1"]
[SourceVersionDate "2024.03.06"]
[SourceQuality "1"]

1. e4 c5 2. Nf3 g6 3. d4 cxd4 4. Nxd4 Bg7 5. c4 Nc6 6. Be3 Nf6 7. Nc3 0-0 8. Be2 d6 9. 0-0 Bd7 10. Re1 Nxd4 11. Bxd4 Bc6 12. Bf3 Nd7 13. Bxg7 Kxg7 14. b4 b6 15. Qd4+ Kg8 16. Be2 Rc8 17. f4 Qc7 18. Rac1 Rfd8 19. Bg4 e6 20. Nd5 Bxd5 21. exd5 e5 22. fxe5 dxe5 23. Qd2 Qd6 24. a3 f5 25. Bd1 e4 26. Bb3 Ne5 27. c5 bxc5 28. bxc5 Rxc5 29. Rxc5 Qxc5+ 30. Kf1 Nd3 31. Rd1 Kg7 32. h3 Qd4 33. Qc2 Rc8 34. Rxd3 Qxd3+ 0-1

[Event "Titled Tuesday intern op 13th Feb Early"]
[Site "Chess.com INT"]
[Date "2024.02.13"]
[Round "3"]
[White "Hari, Madhavan NB"]
[Black "Klukin, Kirill"]
[Result "1-0"]
[WhiteElo "2395"]
[BlackElo "2390"]
[PlyCount "77"]
[EventDate "2024.02.13"]
[EventType "swiss (blitz)"]
[EventRounds "11"]
[EventCountry "USA"]
[SourceTitle "CB08_2024"]
[SourceDate "2024.02.21"]
[SourceVersion "1"]
[SourceVersionDate "2024.02.21"]
[SourceQuality "1"]

1. e4 c5 2. Nf3 Nc6 3. Bb5 g6 4. 0-0 Bg7 5. Re1 Nf6 6. c3 0-0 7. d4 d5 8. e5 Ne4 9. Nbd2 cxd4 10. cxd4 Bf5 11. Bxc6 bxc6 12. Nh4 Qb6 13. Nxf5 gxf5 14. Nf3 e6 15. Re2 c5 16. Be3 cxd4 17. Nxd4 Qa5 18. Nb3 Qb5 19. f3 Bxe5 20. fxe4 dxe4 21. Qf1 Rfd8 22. Rd2 Qxf1+ 23. Kxf1 Rxd2 24. Nxd2 Bxb2 25. Rb1 Be5 26. g3 Rd8 27. Nc4 Bf6 28. Bxa7 Rd3 29. a4 Rc3 30. Nd6 Be5 31. Nb5 Rc2 32. Bd4 Rxh2 33. Kg1 Bxg3 34. Ra1 f4 35. a5 e3 36. a6 f3 37. Bxe3 f2+ 38. Bxf2 Rxf2 39. a7 1-0

[Event "Titled Tuesday intern op 13th Feb Early"]
[Site "Chess.com INT"]
[Date "2024.02.13"]
[Round "10"]
[White "Henriquez Villagra, Cristobal"]
[Black "Klukin, Kirill"]
[Result "1-0"]
[WhiteElo "2591"]
[BlackElo "2390"]
[PlyCount "123"]
[EventDate "2024.02.13"]
[EventType "swiss (blitz)"]
[EventRounds "11"]
[EventCountry "USA"]
[SourceTitle "CB08_2024"]
[SourceDate "2024.02.21"]
[SourceVersion "1"]
[SourceVersionDate "2024.02.21"]
[SourceQuality "1"]

1. Nf3 c5 2. e3 Nf6 3. d4 d5 4. dxc5 e6 5. b4 a5 6. c3 axb4 7. cxb4 b6 8. a4 bxc5 9. b5 Bd6 10. Be2 0-0 11. 0-0 Bb7 12. Bb2 Nbd7 13. Nbd2 Bc7 14. Qc2 Qe7 15. Bc3 Rfc8 16. a5 d4 17. exd4 cxd4 18. Nxd4 Bxa5 19. Nc6 Bxc6 20. Bxf6 Nxf6 21. bxc6 Bxd2 22. Rxa8 Rxa8 23. Qxd2 Nd5 24. Bf3 Rd8 25. Qa5 Qc7 26. Qc5 Rc8 27. Rc1 Nf4 28. Qc4 g6 29. g3 Nh3+ 30. Kg2 Ng5 31. Be2 e5 32. Bg4 Rb8 33. h4 h5 34. hxg5 hxg4 35. Qxg4 Rd8 36. Qe4 Rd4 37. Qf3 Rd6 38. Rc5 Re6 39. Qd5 Kg7 40. Qc4 e4 41. Qd4+ Kh7 42. Qd7 Qxd7 43. cxd7 Rd6 44. Rc7 Kg7 45. Kf1 Rd3 46. Ke2 Kf8 47. Rc8+ Ke7 48. d8Q+ Rxd8 49. Rxd8 Kxd8 50. Ke3 Ke7 51. Kxe4 Ke6 52. g4 Kd6 53. f4 Ke6 54. f5+ Kd6 55. Kd4 Kd7 56. Kd5 Ke7 57. Ke5 Ke8 58. Kf6 gxf5 59. gxf5 Kf8 60. g6 Kg8 61. gxf7+ Kf8 62. Kg6 1-0

[Event "Titled Tuesday intern op 13th Feb Late"]
[Site "Chess.com INT"]
[Date "2024.02.13"]
[Round "7"]
[White "Klukin, Kirill"]
[Black "Nakamura, Hikaru"]
[Result "0-1"]
[WhiteElo "2390"]
[BlackElo "2788"]
[PlyCount "106"]
[EventDate "2024.02.13"]
[EventType "swiss (blitz)"]
[EventRounds "11"]
[EventCountry "USA"]
[SourceTitle "CB08_2024"]
[SourceDate "2024.02.21"]
[SourceVersion "1"]
[SourceVersionDate "2024.02.21"]
[SourceQuality "1"]

1. d4 g6 2. Nf3 Bg7 3. c4 d6 4. Nc3 Nc6 5. Bf4 Nf6 6. e3 Nh5 7. Bg5 h6 8. Bh4 g5 9. Nd2 Nf4 10. Bg3 Ng6 11. Bd3 e5 12. dxe5 Ncxe5 13. Be2 0-0 14. h3 f5 15. 0-0 f4 16. exf4 Nxf4 17. Bxf4 Rxf4 18. Nd5 Rf8 19. Ne3 c6 20. Qc2 Be6 21. Rad1 Bf7 22. b3 Bg6 23. Qc1 Rf4 24. Nf3 Nxf3+ 25. Bxf3 Rxf3 26. gxf3 Qf6 27. Ng4 Qf8 28. Qe3 Re8 29. Qd2 Qxf3 30. Qxd6 Be4 31. Qh2 h5 32. Ne3 Be5 33. Qg2 Qf4 34. Qg3 Qf6 35. f4 Bxf4 36. Rxf4 Qxf4 37. Qxf4 gxf4 38. Ng2 Bf5 39. Nxf4 h4 40. Kf2 Kf7 41. Rd6 Rh8 42. Kf3 Ke7 43. Rd2 Kf6 44. Rd6+ Ke5 45. c5 Rg8 46. Ne2 Bxh3 47. Rh6 Bg4+ 48. Kf2 Rf8+ 49. Ke3 Rf3+ 50. Kd2 Rf2 51. Rxh4 Rxe2+ 52. Kd3 Rg2 53. Rh7 Bf5+ 0-1